000 004040000a22001810004500
999 _c48922
_d48922
001 1764
003 CO-MdFUSB
005 20180425123153.0
008 180425b xxu||||| |||| 00| 0 eng d
020 _a84-8055-073-2
040 _cCO-MdBIC
082 0 4 _a505 C89ae
245 1 0 _aEcología : nuestro planeta
260 _aMadrid : Cultural
300 _a112 P.
650 1 4 _aEcología
942 _cLGB